| 000 | 00966nam a22002537a 4500 | ||
|---|---|---|---|
| 005 | 20120925114920.0 | ||
| 008 | 120925t xxu||||| |||| 00| 0 eng d | ||
| 010 | _aENG-105967 | ||
| 020 |
_c895.00 _a9789380833514 |
||
| 035 | _aEN-89500 | ||
| 037 | _bDBAD/PUB | ||
| 040 |
_aDPL _bEnglish |
||
| 082 | _a371.207 | ||
| 100 | _949115 | ||
| 245 |
_aEducational planning and administration / _cedited by B. Dutt [and] Jyoti Garg |
||
| 260 |
_aNew Delhi _bGlobal Publications _c2012 |
||
| 270 |
_bNew Delhi _a4378/4B,G-4 JMD House, Murari Lal Street, Ansari Road, Daryaganj _e110002 _mglobalpublications4u@gmail.com |
||
| 300 |
_avi,304p. _c23cm(Hb) |
||
| 500 | _aIncludes index | ||
| 700 |
_aDutt, B. _952601 |
||
| 700 |
_aGarg, Jyoti _952603 |
||
| 942 |
_2ddc _cEN _mEDU _h371.207 |
||
| 999 |
_c70276 _d70276 |
||